Memorias Encuentro Nacional Facultades de agronomía (Registro nro. 5545)
[ vista simple ]
| 000 -CABECERA | |
|---|---|
| Campo de control | 00548nam a2200133 a 4500 |
| 090 ## - CLASIFICACIÓN LOCAL | |
| Colección | LB |
| Consecutivo | 04818 |
| 041 ## - IDIOMA | |
| Código de idioma para texto/pista de sonido o título separado | Español |
| 111 ## - ASIENTO PRINCIPAL--NOMBRE DE REUNION | |
| Nombre de reunión o de jurisdicción como elemento de entrada | Memorias Encuentro Nacional Facultades de agronomía instituciones, empresas, gremios comunidad del sector rural |
| Lugar de la reunión | Bogotá |
| Fecha de la reunión | febrero 20-22, 2002 |
| 245 ## - MENCION DE TITULO | |
| Título | Memorias Encuentro Nacional Facultades de agronomía |
| Parte restante del título | instituciones, empresas, gremios comunidad del sector rural |
| 260 ## - PUBLICACION, DISTRIBUCION, ETC. (PIE DE IMPRENTA) | |
| Lugar de publicación, distribución, etc. | Bogotá |
| Nombre del editor, distribuidor, etc. | FINAGRO |
| -- | Universidad Nacional de Colombia |
| -- | ICFES |
| Fecha de publicación, distribución, etc. | 2002 |
| 300 ## - DESCRIPCION FISICA | |
| Extensión | 49 p. |
| 942 ## - ELEMENTOS ADICIONALES (KOHA) | |
| Tipo de ítem | |
| 945 ## - PROCESAMIENTO LOCAL | |
| AAAA-MM-DD - Fecha de ingreso o modificacion | 2007-05-22 |
| Withdrawn status | Lost status | Sistema de Clasificación | Damaged status | No para préstamo | Colección | Ubicación Permanente | Ubicación actual | Fecha de adquisición | Total Checkouts | Número topográfico | Inventario / Código de Barras | Date last seen | Ejemplar | Price effective from | Tipo de material |
|---|---|---|---|---|---|---|---|---|---|---|---|---|---|---|---|
| Dewey Decimal Classification | General | Villa de Leyva | Villa de Leyva | 22/05/2007 | LB-04818 | 024355 | 04/12/2012 | Ej. 1 | 04/12/2012 | Folleto |